Wszyscy mistrzowie Włoch w piłce nożnej - Statystyki

Ogólne statystyki
  • Ten quiz został rozwiązany 570 razy
    569 od ostatniego zresetowania
  • Średni wynik to 79 z 119
Statystyki odpowiedzi
Sezon Klub % Poprawnych
1901 | 1906 | 1907 | +16 others AC Milan
98%
1905 | 1925/26 | 1930/31 | +33 others Juventus
98%
1909/10 | 1919/20 | 1952/53 | +13 others Inter Mediolan
97%
1941/42 | 1982/83 | 2000/01 AS Roma
78%
1973/74 | 1999/00 Lazio Rzym
58%
1986/87 | 1989/90 SSC Napoli
54%
1990/91 Sampdoria
40%
1927/28 | 1942/43 | 1945/46 | +4 others FC Torino
20%
1984/85 Hellas Verona
20%
1955/56 | 1968/69 ACF Fiorentina
14%
1924/25 | 1926/27 | 1928/29 | +5 others FC Bologna
13%
1898 | 1899 | 1900 | +6 others Genoa CFC
11%
1969/70 Cagliari Calcio
8%
1908 | 1909 | 1910/11 | +4 others Pro Vercelli
7%
1913/14 AS Casale
2%
1921/22 USD Novese
2%
1937/38 | 1939/40 Ambrosiana Inter
1%
1929/30 Ambrosiana Mediolan
1%
Nie znaleziono quizów pasujących do podanych kryteriów
Rozkład punktacji
Procent ludzi z każdym wynikiem
Percentyl według liczby udzielonych odpowiedzi
Twoja historia wyników
Nie rozwiązałeś tego quizu od ostatniego zresetowania